[Event "Liga Madrileña 2010/2011 - D. Honor"]
[Site "Madrid ESP"]
[Date "2011.03.13"]
[Round "13.22"]
[White "Ramirez Garcia, Jorge Alberto"]
[Black "Vallejo Diaz, Javier"]
[Result "0-1"]
[WhiteElo "2255"]
[BlackElo "2350"]
[PlyCount "90"]
[EventDate "2010.11.21"]
[EventType "team"]
[EventRounds "14"]
[EventCountry "ESP"]
[Source "lmi"]
[SourceDate "2010.11.21"]
[WhiteTeam "Moratalaz"]
[BlackTeam "Amigos del Retiro"]
[WhiteTeamCountry "ESP"]
[BlackTeamCountry "ESP"]

1. e4 d5 2. exd5 Qxd5 3. Nc3 Qa5 4. d4 c6 5. Bc4 Nf6 6. Qe2 Bf5 7. Nf3 e6 8.
Bd2 Bb4 9. O-O-O O-O 10. Ne5 Nd5 11. g4 Bg6 12. h4 Nxc3 13. bxc3 Bxc3 14. Bxc3
Qxc3 15. Kb1 b5 16. Bb3 a5 17. h5 Be4 18. Qxe4 a4 19. Rd3 Qa5 20. Bxe6 fxe6 21.
Ng6 Re8 22. h6 Ra7 23. Rf3 Qb4+ 24. Kc1 a3 25. Rh5 hxg6 26. Rh1 Rd7 27. Qxg6
Qb2+ 28. Kd1 Rde7 29. Rh5 Qxd4+ 30. Ke1 Nd7 31. Qg5 Nf6 32. Rh4 Qd5 33. h7+ Kh8
34. Qe3 Qe4 35. Qxe4 Nxe4 36. Rxa3 g6 37. Rhh3 Rxh7 38. Rhe3 Nf6 39. f3 Nd5 40.
Re2 Rh1+ 41. Kd2 b4 42. Ra7 Rd8 43. Re5 Nc3+ 44. Ke3 Re1+ 45. Kf4 Rf8+ 0-1

[Event "Liga Madrileña 2010/2011 - D. Honor"]
[Site "Madrid ESP"]
[Date "2011.03.13"]
[Round "13.23"]
[White "Perez Gonzalez, Jose Manuel"]
[Black "Solaesa Navalpotro, Luis Julio"]
[Result "1/2-1/2"]
[WhiteElo "2281"]
[BlackElo "2251"]
[PlyCount "69"]
[EventDate "2010.11.21"]
[EventType "team"]
[EventRounds "14"]
[EventCountry "ESP"]
[Source "lmi"]
[SourceDate "2010.11.21"]
[WhiteTeam "Amigos del Retiro"]
[BlackTeam "Moratalaz"]
[WhiteTeamCountry "ESP"]
[BlackTeamCountry "ESP"]

1. e4 c6 2. d4 d5 3. exd5 cxd5 4. c4 Nf6 5. Nc3 Nc6 6. Bg5 e6 7. Nf3 dxc4 8.
Bxc4 Be7 9. O-O O-O 10. a3 Bd7 11. Qd3 Nd5 12. Bd2 Nxc3 13. Bxc3 Bf6 14. Qe4
Ne7 15. Ne5 Bc6 16. Nxc6 bxc6 17. Bb4 Re8 18. Bxe7 Qxe7 19. Bd3 g6 20. Rac1
Rad8 21. Qxc6 Bxd4 22. Bb5 Rf8 23. Rc2 Rd6 24. Qe4 Rb8 25. Qe2 Rdb6 26. a4 a6
27. Bxa6 Rxb2 28. Bb5 Rxc2 29. Qxc2 Bb6 30. Qc6 Qa7 31. Qd7 Rb7 32. Qd2 Rb8 33.
Qd7 Rb7 34. Qd2 Rb8 35. Qd7 1/2-1/2

[Event "Liga Madrileña 2010/2011 - D. Honor"]
[Site "Madrid ESP"]
[Date "2011.03.13"]
[Round "13.24"]
[White "Sanchez Rojo, Gustavo"]
[Black "Fernandez Garcia, Miguel Angel"]
[Result "0-1"]
[WhiteElo "2201"]
[BlackElo "2304"]
[PlyCount "116"]
[EventDate "2010.11.21"]
[EventType "team"]
[EventRounds "14"]
[EventCountry "ESP"]
[Source "lmi"]
[SourceDate "2010.11.21"]
[WhiteTeam "Moratalaz"]
[BlackTeam "Amigos del Retiro"]
[WhiteTeamCountry "ESP"]
[BlackTeamCountry "ESP"]

1. e4 c5 2. Nc3 Nc6 3. f4 g6 4. Nf3 Bg7 5. Bb5 Nd4 6. O-O Nxb5 7. Nxb5 Nf6 8.
d3 O-O 9. a4 d6 10. Qe1 Bd7 11. e5 Ne8 12. Be3 Nc7 13. Nc3 Bc6 14. Qg3 Nd5 15.
Nxd5 Bxd5 16. Rae1 Qc7 17. Bd2 a6 18. a5 Bc6 19. b3 Qd7 20. Kh1 d5 21. e6 fxe6
22. Ng5 Rf6 23. Qh3 h6 24. Nxe6 d4 25. f5 gxf5 26. Nxg7 Kxg7 27. Re5 Rg6 28.
Rf2 e6 29. Bf4 Bd5 30. Rfe2 Rg8 31. Qh4 Kh7 32. Bg3 Rg4 33. Qh5 R8g5 34. Qh3
Qf7 35. Rxd5 exd5 36. Bd6 Rg7 37. Qf3 Qh5 38. Re1 Qg5 39. g3 Qg6 40. Bf4 Qc6
41. Re5 Rf7 42. Qe2 Rg6 43. Qh5 Qd7 44. Qe2 c4 45. b4 cxd3 46. Qxd3 Qc6 47.
Rxf5 Rxf5 48. Qxf5 Qe6 49. Qh5 Qe4+ 50. Kg1 Qe1+ 51. Kg2 Qe4+ 52. Kh3 Rf6 53.
Qd1 Re6 54. Qh5 Rf6 55. Qd1 Rc6 56. Qh5 Qe6+ 57. g4 Rc3+ 58. Kh4 Qf6+ 0-1

[Event "Liga Madrileña 2010/2011 - D. Honor"]
[Site "Madrid ESP"]
[Date "2011.03.13"]
[Round "13.25"]
[White "Sanchez Gonzalez, Sergio"]
[Black "Fraga Castro, Jose Carlos"]
[Result "1/2-1/2"]
[WhiteElo "2291"]
[BlackElo "2212"]
[PlyCount "120"]
[EventDate "2010.11.21"]
[EventType "team"]
[EventRounds "14"]
[EventCountry "ESP"]
[Source "lmi"]
[SourceDate "2010.11.21"]
[WhiteTeam "Amigos del Retiro"]
[BlackTeam "Moratalaz"]
[WhiteTeamCountry "ESP"]
[BlackTeamCountry "ESP"]

1. c4 f5 2. d4 Nf6 3. g3 g6 4. Bg2 Bg7 5. Nh3 d6 6. d5 c6 7. Nc3 O-O 8. Nf4 e5
9. dxe6 g5 10. Nd3 h6 11. h4 Ng4 12. hxg5 hxg5 13. Qb3 Qe7 14. f3 Ne5 15. Nxe5
Bxe5 16. f4 gxf4 17. gxf4 Bf6 18. Be3 Bxe6 19. O-O-O Rf7 20. Bf3 Na6 21. Rh6
Nc5 22. Rg1+ Rg7 23. Qd1 Kf8 24. Bd4 Nd7 25. Rxg7 Bxg7 26. Bxg7+ Kxg7 27. Qh1
Nf8 28. Rh5 Kf7 29. e4 Qf6 30. Rh6 Qd4 31. Qh5+ Ke7 32. Qg5+ Kd7 33. Bh5 Bxc4
34. Qxf5+ Kc7 35. Qh3 Qg1+ 36. Bd1 Re8 37. Qh2 Qxh2 38. Rxh2 Re7 39. Kd2 Nd7
40. Bf3 Rg7 41. Ke3 a5 42. Rh5 b5 43. b3 Bf7 44. Rh6 Rg6 45. Rh1 Rg7 46. Ne2 a4
47. Nd4 axb3 48. axb3 Kb6 49. Rh6 Rg6 50. Rh7 Rf6 51. Nxc6 Bxb3 52. Nd4 Nf8 53.
Rh8 Bc4 54. e5 Rxf4 55. exd6 Rf6 56. Bg4 b4 57. d7 Kc7 58. Nc6 Nxd7 59. Bxd7
Bb5 60. Nxb4 Kxd7 1/2-1/2

[Event "Liga Madrileña 2010/2011 - D. Honor"]
[Site "Madrid ESP"]
[Date "2011.03.13"]
[Round "13.26"]
[White "Sanchez-Alarcos Galian, Victor"]
[Black "Paredes Sanchez, Juan"]
[Result "0-1"]
[WhiteElo "2192"]
[BlackElo "2172"]
[PlyCount "52"]
[EventDate "2010.11.21"]
[EventType "team"]
[EventRounds "14"]
[EventCountry "ESP"]
[Source "lmi"]
[SourceDate "2010.11.21"]
[WhiteTeam "Moratalaz"]
[BlackTeam "Amigos del Retiro"]
[WhiteTeamCountry "ESP"]
[BlackTeamCountry "ESP"]

1. Nf3 Nf6 2. c4 g6 3. g3 Bg7 4. d4 d6 5. Bg2 O-O 6. O-O c6 7. Nc3 Qb6 8. b3
Qa5 9. Bb2 Qh5 10. Qd2 Bh6 11. Qd3 d5 12. e4 dxc4 13. bxc4 Bh3 14. e5 Ng4 15.
Ne4 Nd7 16. Qb3 f5 17. exf6 Ndxf6 18. c5+ Nd5 19. Rfe1 Bxg2 20. Kxg2 Rxf3 21.
Qxf3 Rf8 22. Qxf8+ Bxf8 23. h3 Ngf6 24. Nd2 Qf5 25. Rac1 Bh6 26. f4 Bxf4 0-1

[Event "Liga Madrileña 2010/2011 - D. Honor"]
[Site "Madrid ESP"]
[Date "2011.03.13"]
[Round "13.31"]
[White "Herraiz Hidalgo, Herminio"]
[Black "Moreno Ruiz, Javier"]
[Result "1/2-1/2"]
[WhiteElo "2494"]
[BlackElo "2527"]
[PlyCount "80"]
[EventDate "2010.11.21"]
[EventType "team"]
[EventRounds "14"]
[EventCountry "ESP"]
[Source "lmi"]
[SourceDate "2010.11.21"]
[WhiteTeam "Vallecas CDV"]
[BlackTeam "Collado Villalba"]
[WhiteTeamCountry "ESP"]
[BlackTeamCountry "ESP"]

1. Nf3 c5 2. c4 g6 3. d4 cxd4 4. Nxd4 Nc6 5. e4 Nf6 6. Nc3 d6 7. Be2 Nxd4 8.
Qxd4 Bg7 9. Bg5 O-O 10. Qd2 a5 11. O-O a4 12. Rab1 Qa5 13. f3 Be6 14. Rfc1 Rfc8
15. b3 axb3 16. axb3 Qb4 17. Na4 Qxd2 18. Bxd2 Nd7 19. Be3 f5 20. c5 dxc5 21.
Nxc5 Nxc5 22. Rxc5 fxe4 23. fxe4 Rxc5 24. Bxc5 Bf6 25. Bf3 Kf7 26. Rf1 Ra1 27.
b4 Rxf1+ 28. Kxf1 Be5 29. h3 h5 30. Kf2 Bc4 31. Ke3 b5 32. Bd4 Ke6 33. Bxe5
Kxe5 34. h4 Bf1 35. g3 Bc4 36. Bd1 Be6 37. Be2 Bd7 38. Bd3 Be6 39. Be2 Bd7 40.
Bd3 Be6 1/2-1/2

[Event "Liga Madrileña 2010/2011 - D. Honor"]
[Site "Madrid ESP"]
[Date "2011.03.13"]
[Round "13.32"]
[White "Ortiz Herranz, Eleazar"]
[Black "Gonzalez Mateos, Rafael"]
[Result "1-0"]
[WhiteElo "2243"]
[BlackElo "2197"]
[PlyCount "85"]
[EventDate "2010.11.21"]
[EventType "team"]
[EventRounds "14"]
[EventCountry "ESP"]
[Source "lmi"]
[SourceDate "2010.11.21"]
[WhiteTeam "Collado Villalba"]
[BlackTeam "Vallecas CDV"]
[WhiteTeamCountry "ESP"]
[BlackTeamCountry "ESP"]

1. Nf3 Nf6 2. c4 e6 3. g3 d5 4. d4 Bb4+ 5. Nbd2 O-O 6. Bg2 c6 7. O-O b6 8. a3
Be7 9. Qc2 Bb7 10. e4 dxe4 11. Nxe4 Nbd7 12. Rd1 Qc8 13. Nc3 Rd8 14. Bf4 Nf8
15. Ne5 c5 16. d5 exd5 17. cxd5 Ng6 18. Nxg6 hxg6 19. Rd2 Ne8 20. Re1 Bf8 21.
h4 Nd6 22. Kh2 a6 23. Bh3 Qc7 24. Qd1 Bc8 25. Bg2 Bd7 26. h5 gxh5 27. Qxh5 g6
28. Qh4 f5 29. Re7 Bxe7 30. Qxe7 Re8 31. Qf6 Bb5 32. Bxd6 Qh7+ 33. Qh4 Ra7 34.
f4 Qxh4+ 35. gxh4 Rh7 36. Kg3 Re3+ 37. Bf3 Rd3 38. Rxd3 Bxd3 39. Be5 b5 40. d6
b4 41. axb4 cxb4 42. Nd5 Kf8 43. Nf6 1-0

[Event "Liga Madrileña 2010/2011 - D. Honor"]
[Site "Madrid ESP"]
[Date "2011.03.13"]
[Round "13.33"]
[White "Pastor Alonso de Prado, Alberto"]
[Black "Cao Armillas, Jesus"]
[Result "1/2-1/2"]
[WhiteElo "2176"]
[BlackElo "2189"]
[PlyCount "65"]
[EventDate "2010.11.21"]
[EventType "team"]
[EventRounds "14"]
[EventCountry "ESP"]
[Source "lmi"]
[SourceDate "2010.11.21"]
[WhiteTeam "Vallecas CDV"]
[BlackTeam "Collado Villalba"]
[WhiteTeamCountry "ESP"]
[BlackTeamCountry "ESP"]

1. e4 c5 2. c3 d5 3. exd5 Qxd5 4. d4 Nf6 5. Nf3 e6 6. Be2 Nc6 7. O-O cxd4 8.
cxd4 Bb4 9. Nc3 Bxc3 10. bxc3 O-O 11. a4 b6 12. c4 Qd7 13. a5 bxa5 14. Bf4 Rd8
15. Ne5 Nxe5 16. dxe5 Qe8 17. Qb3 Nd7 18. Rxa5 Nb8 19. Bg5 Rd4 20. Qe3 Nc6 21.
Rc5 Bb7 22. Rxc6 Qxc6 23. Bf3 Re4 24. Qd3 Rc8 25. Rb1 Ba8 26. c5 Qa4 27. Bxe4
Bxe4 28. Qb5 Qd4 29. Rc1 Bc6 30. Qa6 Rc7 31. Qe2 h6 32. Rd1 Qe4 33. Qxe4
1/2-1/2

[Event "Liga Madrileña 2010/2011 - D. Honor"]
[Site "Madrid ESP"]
[Date "2011.03.13"]
[Round "13.34"]
[White "Cepeda Delgado, Camilo Jose"]
[Black "Martin Duque, Jesus"]
[Result "1-0"]
[WhiteElo "2187"]
[BlackElo "2115"]
[PlyCount "97"]
[EventDate "2010.11.21"]
[EventType "team"]
[EventRounds "14"]
[EventCountry "ESP"]
[Source "lmi"]
[SourceDate "2010.11.21"]
[WhiteTeam "Collado Villalba"]
[BlackTeam "Vallecas CDV"]
[WhiteTeamCountry "ESP"]
[BlackTeamCountry "ESP"]

1. d4 d5 2. c4 c6 3. cxd5 cxd5 4. Nc3 Nf6 5. Nf3 Nc6 6. Bf4 a6 7. e3 Bg4 8. Be2
e6 9. O-O Be7 10. Ne5 Bxe2 11. Qxe2 Rc8 12. Rfc1 Nxe5 13. Bxe5 O-O 14. a3 Nd7
15. Bg3 b5 16. b3 Qa5 17. Qb2 Rc6 18. Nxd5 Rxc1+ 19. Qxc1 exd5 20. Bc7 Bxa3 21.
Rxa3 Qb4 22. Ba5 Qd6 23. Ra2 Nf6 24. Rc2 Ng4 25. h3 Qh2+ 26. Kf1 Nf6 27. Rc8
Qh1+ 28. Ke2 Qxc1 29. Rxc1 Re8 30. Kd3 g6 31. f3 Kg7 32. Rc6 Re6 33. Rc5 Re8
34. Bc7 Kg8 35. b4 Re6 36. Bd8 Ne8 37. Rxd5 Rd6 38. Rxd6 Nxd6 39. Be7 Nc4 40.
d5 f5 41. e4 Kf7 42. Bc5 Kf6 43. Kd4 f4 44. Ba7 Nd2 45. e5+ Ke7 46. Bc5+ Ke8
47. e6 Nc4 48. d6 Kd8 49. Ke4 1-0

[Event "Liga Madrileña 2010/2011 - D. Honor"]
[Site "Madrid ESP"]
[Date "2011.03.13"]
[Round "13.35"]
[White "Madurga Lopez, Ignacio"]
[Black "Bote Alvarez-Carrasco, Valentin"]
[Result "0-1"]
[WhiteElo "1988"]
[BlackElo "2183"]
[PlyCount "66"]
[EventDate "2010.11.21"]
[EventType "team"]
[EventRounds "14"]
[EventCountry "ESP"]
[Source "lmi"]
[SourceDate "2010.11.21"]
[WhiteTeam "Vallecas CDV"]
[BlackTeam "Collado Villalba"]
[WhiteTeamCountry "ESP"]
[BlackTeamCountry "ESP"]

1. e4 c6 2. d4 d5 3. exd5 cxd5 4. c4 Nf6 5. Nc3 g6 6. Qb3 Bg7 7. c5 O-O 8. Nf3
Nc6 9. Be2 Ne4 10. Be3 Qa5 11. O-O Nxc5 12. Qxd5 Na6 13. Qxa5 Nxa5 14. Nd5 e6
15. Ne7+ Kh8 16. Bd2 Nc6 17. Nxc6 bxc6 18. Rfc1 Bb7 19. Bxa6 Bxa6 20. Rxc6 Bb7
21. Rc7 Bxf3 22. gxf3 Bxd4 23. Bc3 Bxc3 24. Rxc3 Rab8 25. b3 Rb7 26. Rac1 Kg7
27. Rc7 Rfb8 28. Kg2 h5 29. f4 Kf6 30. Rxb7 Rxb7 31. Rc5 Rd7 32. Ra5 Rc7 33.
Kf3 Rb7 0-1

[Event "Liga Madrileña 2010/2011 - D. Honor"]
[Site "Madrid ESP"]
[Date "2011.03.13"]
[Round "13.36"]
[White "San Juan Rodriguez, Miguel"]
[Black "Muñoz Sanchez, Daniel"]
[Result "1-0"]
[WhiteElo "2076"]
[BlackElo "1976"]
[PlyCount "75"]
[EventDate "2010.11.21"]
[EventType "team"]
[EventRounds "14"]
[EventCountry "ESP"]
[Source "lmi"]
[SourceDate "2010.11.21"]
[WhiteTeam "Collado Villalba"]
[BlackTeam "Vallecas CDV"]
[WhiteTeamCountry "ESP"]
[BlackTeamCountry "ESP"]

1. e4 e6 2. d4 d5 3. Nc3 Nf6 4. e5 Nfd7 5. Nce2 c5 6. c3 Nc6 7. f4 g6 8. Nf3
Bg7 9. h4 cxd4 10. cxd4 Qe7 11. Nc3 a6 12. h5 b5 13. Bd2 Nb6 14. Rc1 Bd7 15.
Bxb5 axb5 16. h6 Bf8 17. f5 exf5 18. Nxb5 f6 19. O-O Kf7 20. exf6 Qd8 21. Qe1
Qxf6 22. Bg5 Qe6 23. Qg3 Kg8 24. Rce1 Qf7 25. Bf4 Be7 26. Nd6 Qf8 27. Ne5 Nxe5
28. Bxe5 Bf6 29. Nxf5 Bxf5 30. Rxf5 Nd7 31. Bxf6 Nxf6 32. Re6 Qb4 33. Rfxf6
Qxd4+ 34. Kh2 Qxb2 35. Rxg6+ hxg6 36. Qxg6+ Kf8 37. Rf6+ Qxf6 38. Qxf6+ 1-0

[Event "Liga Madrileña 2010/2011 - D. Honor"]
[Site "Madrid ESP"]
[Date "2011.03.13"]
[Round "13.41"]
[White "Moreno Carnero, Javier"]
[Black "Almagro Llamas, Pablo"]
[Result "0-1"]
[WhiteElo "2519"]
[BlackElo "2472"]
[PlyCount "94"]
[EventDate "2010.11.21"]
[EventType "team"]
[EventRounds "14"]
[EventCountry "ESP"]
[Source "lmi"]
[SourceDate "2010.11.21"]
[WhiteTeam "La Casa del Ajedrez"]
[BlackTeam "Virgen de Atocha"]
[WhiteTeamCountry "ESP"]
[BlackTeamCountry "ESP"]

1. e4 c6 2. d4 d5 3. e5 Bf5 4. h4 Qb6 5. Ne2 h5 6. c4 dxc4 7. Nd2 Qa5 8. Nc3 b5
9. a4 e6 10. Ra2 Qb6 11. axb5 cxb5 12. Qf3 Nc6 13. Nxb5 Qxb5 14. Bxc4 Qb7 15.
Ba6 Qd7 16. Bb5 Nge7 17. Nc4 Nd5 18. Ra6 Rc8 19. O-O Bb4 20. Qb3 O-O 21. Qa4
Nde7 22. Bg5 Be4 23. Bxe7 Bxe7 24. Na5 Bxg2 25. Nxc6 Bxc6 26. Bxc6 Qd8 27. d5
exd5 28. Qd1 Bxh4 29. Qxh5 g6 30. Qg4 Rc7 31. Rd1 Qc8 32. Qxc8 Rfxc8 33. Bxd5
Kg7 34. Rd4 g5 35. Rd3 Rd8 36. Be4 Re8 37. Rd5 Rb7 38. Rd2 Rb4 39. Bd5 Rxe5 40.
Rxa7 Rf5 41. f3 Bg3 42. b3 Bf4 43. Rd3 Rxd5 44. Rxf7+ Kxf7 45. Rxd5 Rxb3 46.
Kf2 Rb2+ 47. Kf1 Kg6 0-1

[Event "Liga Madrileña 2010/2011 - D. Honor"]
[Site "Madrid ESP"]
[Date "2011.03.13"]
[Round "13.42"]
[White "Anton Guijarro, David"]
[Black "Gallego Jimenez, Victoriano"]
[Result "0-1"]
[WhiteElo "2421"]
[BlackElo "2398"]
[PlyCount "94"]
[EventDate "2010.11.21"]
[EventType "team"]
[EventRounds "14"]
[EventCountry "ESP"]
[Source "lmi"]
[SourceDate "2010.11.21"]
[WhiteTeam "Virgen de Atocha"]
[BlackTeam "La Casa del Ajedrez"]
[WhiteTeamCountry "ESP"]
[BlackTeamCountry "ESP"]

1. d4 Nf6 2. c4 c5 3. d5 d6 4. Nc3 g6 5. e4 Bg7 6. Nf3 O-O 7. Nd2 e6 8. Be2 Re8
9. O-O Na6 10. Re1 Rb8 11. dxe6 Rxe6 12. Bf1 Bd7 13. Nf3 Bc6 14. Ng5 Re8 15. f3
Nc7 16. Nh3 Ne6 17. Be3 Nh5 18. Qd2 Nd4 19. Ne2 Nxe2+ 20. Bxe2 f5 21. Rad1 fxe4
22. f4 Qd7 23. Bxh5 gxh5 24. Qf2 b6 25. f5 Rf8 26. Rf1 d5 27. cxd5 Bb5 28. Rfe1
Rxf5 29. Qg3 Rbf8 30. Nf4 Qf7 31. d6 Bd7 32. Nh3 Bb5 33. Nf4 Kh8 34. Qh4 Bf6
35. Qh3 Bd7 36. Qg3 Be5 37. Rf1 Bxf4 38. Bxf4 Rxf4 39. Qc3+ Qg7 40. Rxf4 Rxf4
41. Qa3 Bb5 42. Qb3 Bd3 43. Qe6 Qf7 44. Qe5+ Qf6 45. Qe8+ Kg7 46. Qd7+ Qf7 47.
Qc7 Qxc7 0-1

[Event "Liga Madrileña 2010/2011 - D. Honor"]
[Site "Madrid ESP"]
[Date "2011.03.13"]
[Round "13.43"]
[White "Bass, Leonid"]
[Black "Rubio Mejia, Luis"]
[Result "1/2-1/2"]
[WhiteElo "2415"]
[BlackElo "2409"]
[PlyCount "96"]
[EventDate "2010.11.21"]
[EventType "team"]
[EventRounds "14"]
[EventCountry "ESP"]
[Source "lmi"]
[SourceDate "2010.11.21"]
[WhiteTeam "La Casa del Ajedrez"]
[BlackTeam "Virgen de Atocha"]
[WhiteTeamCountry "ESP"]
[BlackTeamCountry "ESP"]

1. d4 Nf6 2. c4 e6 3. Nf3 b6 4. g3 Bb7 5. Bg2 Be7 6. O-O O-O 7. Nc3 Ne4 8. Qc2
Nxc3 9. Qxc3 d6 10. b3 f5 11. Qe3 Qc8 12. Bb2 Bf6 13. Rfd1 Be4 14. Ne1 Bxg2 15.
Nxg2 Nc6 16. Rd2 Qd7 17. d5 Nd8 18. dxe6 Nxe6 19. Bxf6 Rxf6 20. Nf4 Nxf4 21.
Qxf4 Re8 22. Qf3 a5 23. Rad1 Qf7 24. e3 Re4 25. Rd5 g6 26. h4 Rfe6 27. Kg2 Qg7
28. R1d4 Qf6 29. Qd1 Kf7 30. h5 Kg7 31. hxg6 hxg6 32. Rxe4 Rxe4 33. Rd4 Re7 34.
Qf3 Qe5 35. g4 fxg4 36. Rxg4 Rf7 37. Qd5 Qb2 38. Qd4+ Qxd4 39. Rxd4 Re7 40. Kf3
g5 41. Kg4 Kf6 42. Rd5 Re4+ 43. Kg3 Re8 44. Kf3 Rh8 45. Kg2 Ra8 46. a4 Rh8 47.
f3 Rh4 48. Rd1 Rh8 1/2-1/2

[Event "Liga Madrileña 2010/2011 - D. Honor"]
[Site "Madrid ESP"]
[Date "2011.03.13"]
[Round "13.44"]
[White "Martinez Martin, David"]
[Black "Rojo Huerta, Gabriel"]
[Result "1/2-1/2"]
[WhiteElo "2398"]
[BlackElo "2375"]
[PlyCount "66"]
[EventDate "2010.11.21"]
[EventType "team"]
[EventRounds "14"]
[EventCountry "ESP"]
[Source "lmi"]
[SourceDate "2010.11.21"]
[WhiteTeam "Virgen de Atocha"]
[BlackTeam "La Casa del Ajedrez"]
[WhiteTeamCountry "ESP"]
[BlackTeamCountry "ESP"]

1. e4 c5 2. Nf3 Nc6 3. Nc3 d6 4. d4 cxd4 5. Nxd4 Nf6 6. h3 e5 7. Nf3 Be7 8. Bc4
Be6 9. Bb3 O-O 10. O-O h6 11. Be3 Na5 12. Qd3 a6 13. Bd5 Rc8 14. Nd2 Qc7 15.
Kh1 b5 16. a3 Bxd5 17. exd5 Nc4 18. Nxc4 Qxc4 19. Qd2 a5 20. Rad1 b4 21. axb4
axb4 22. Na4 Qxc2 23. Qxb4 Qc4 24. Qxc4 Rxc4 25. Nc3 Rb8 26. Bc1 Bd8 27. Ne2
Rb5 28. Nc3 Rb8 29. Ne2 Rc5 30. Ng3 Rxd5 31. Rxd5 Nxd5 32. Rd1 Rb5 33. Nf5 Bf6
1/2-1/2

[Event "Liga Madrileña 2010/2011 - D. Honor"]
[Site "Madrid ESP"]
[Date "2011.03.13"]
[Round "13.45"]
[White "Gemy Vargas, Jose Daniel"]
[Black "Rudolf, Anna"]
[Result "1-0"]
[WhiteElo "2316"]
[BlackElo "2347"]
[PlyCount "97"]
[EventDate "2010.11.21"]
[EventType "team"]
[EventRounds "14"]
[EventCountry "ESP"]
[Source "lmi"]
[SourceDate "2010.11.21"]
[WhiteTeam "La Casa del Ajedrez"]
[BlackTeam "Virgen de Atocha"]
[WhiteTeamCountry "ESP"]
[BlackTeamCountry "ESP"]

1. d4 e6 2. c4 Nf6 3. Nf3 Bb4+ 4. Nbd2 d5 5. Qa4+ Nc6 6. a3 Bxd2+ 7. Bxd2 Ne4
8. Bf4 Bd7 9. cxd5 exd5 10. Qb3 Qf6 11. e3 O-O-O 12. Bb5 g5 13. Bxc6 Qxc6 14.
Nxg5 Nxg5 15. Bxg5 Rdg8 16. Bf4 Rxg2 17. Qd1 Rhg8 18. Bg3 Bg4 19. Rc1 Bxd1 20.
Rxc6 bxc6 21. Kxd1 h5 22. Ke2 h4 23. Kf3 h3 24. Rc1 Kd7 25. b4 Rg6 26. Ke2 a6
27. Kf3 Ke7 28. Ke2 Kf8 29. Kf1 Kg7 30. Rc5 f5 31. Ra5 f4 32. Bxf4 Rg1+ 33. Ke2
Rc1 34. Rxa6 Rgg1 35. Ra7 Rc2+ 36. Kf3 Kg6 37. Rxc7 Ra1 38. b5 Rxa3 39. Rxc6+
Rxc6 40. bxc6 Ra8 41. e4 Ra3+ 42. Kg4 dxe4 43. d5 Kf7 44. Kf5 Rc3 45. Kxe4 Rc2
46. Bg3 Ke7 47. d6+ Ke6 48. d7 Rd2 49. Bh4 1-0

[Event "Liga Madrileña 2010/2011 - D. Honor"]
[Site "Madrid ESP"]
[Date "2011.03.13"]
[Round "13.46"]
[White "Vazquez Torres, Adrian"]
[Black "Suarez Uriel, Adrian"]
[Result "0-1"]
[WhiteElo "2166"]
[BlackElo "2215"]
[PlyCount "72"]
[EventDate "2010.11.21"]
[EventType "team"]
[EventRounds "14"]
[EventCountry "ESP"]
[Source "lmi"]
[SourceDate "2010.11.21"]
[WhiteTeam "Virgen de Atocha"]
[BlackTeam "La Casa del Ajedrez"]
[WhiteTeamCountry "ESP"]
[BlackTeamCountry "ESP"]

1. e4 c5 2. b3 Nc6 3. Nf3 d6 4. Bb2 Nf6 5. Nc3 e5 6. Bc4 Be7 7. h3 O-O 8. Qe2
Rb8 9. g4 g6 10. O-O-O a6 11. Bd5 Nd4 12. Nxd4 cxd4 13. Nb1 Qa5 14. Na3 Nxd5
15. exd5 Qxd5 16. f4 b5 17. h4 Bb7 18. Rde1 Rbc8 19. h5 Qf3 20. Qh2 Qxf4 21.
Qxf4 exf4 22. Rhf1 Bh4 23. Re2 f3 24. Rh2 Bg3 25. Rh3 Be5 26. d3 g5 27. Nb1 f5
28. gxf5 Rxf5 29. Nd2 Kh8 30. Ne4 g4 31. Rh4 Bxe4 32. dxe4 Bf4+ 33. Kd1 Rg5 34.
Rxf3 gxf3 35. Rxf4 f2 36. Ke2 Rxc2+ 0-1

[Event "Liga Madrileña 2010/2011 - D. Honor"]
[Site "Madrid ESP"]
[Date "2011.03.20"]
[Round "14.11"]
[White "Almagro Llamas, Pablo"]
[Black "Enjuto Velasco, Roberto"]
[Result "1/2-1/2"]
[WhiteElo "2472"]
[BlackElo "2184"]
[PlyCount "98"]
[EventDate "2010.11.21"]
[EventType "team"]
[EventRounds "14"]
[EventCountry "ESP"]
[Source "lmi"]
[SourceDate "2010.11.21"]
[WhiteTeam "Virgen de Atocha"]
[BlackTeam "Vallecas CDV"]
[WhiteTeamCountry "ESP"]
[BlackTeamCountry "ESP"]

1. e4 c5 2. Nf3 d6 3. d4 cxd4 4. Nxd4 Nf6 5. Nc3 a6 6. Bc4 e6 7. Bg5 Nc6 8.
Nxc6 bxc6 9. Qe2 Be7 10. e5 dxe5 11. Qxe5 O-O 12. Qe2 Nd5 13. Bxe7 Nxe7 14. O-O
Nd5 15. Ne4 Qe7 16. Rad1 a5 17. Qd2 Ba6 18. Bxa6 Rxa6 19. Qd4 Rb8 20. c4 Nf6
21. Nc5 Raa8 22. Na4 h6 23. Qd6 Qb7 24. b3 Rc8 25. Rd3 Rd8 26. Qxd8+ Rxd8 27.
Rxd8+ Kh7 28. Rfd1 Qb4 29. h3 Qa3 30. R8d2 Ne4 31. Re2 Nf6 32. Nc3 Kg6 33. Nb1
Qc5 34. Nd2 Qd4 35. Rde1 Kh7 36. Nf3 Qa7 37. Ne5 Qc7 38. Rd1 Kg8 39. g3 Kh7 40.
Rd3 Kg8 41. Ng4 Nd7 42. Red2 Nc5 43. Rd8+ Kh7 44. Rd1 f5 45. Nh2 Ne4 46. Kg2
Qb6 47. R8d4 e5 48. Rxe4 fxe4 49. Ng4 Qc5 1/2-1/2

[Event "Liga Madrileña 2010/2011 - D. Honor"]
[Site "Madrid ESP"]
[Date "2011.03.20"]
[Round "14.12"]
[White "Gonzalez Mateos, Rafael"]
[Black "Anton Guijarro, David"]
[Result "0-1"]
[WhiteElo "2197"]
[BlackElo "2421"]
[PlyCount "102"]
[EventDate "2010.11.21"]
[EventType "team"]
[EventRounds "14"]
[EventCountry "ESP"]
[Source "lmi"]
[SourceDate "2010.11.21"]
[WhiteTeam "Vallecas CDV"]
[BlackTeam "Virgen de Atocha"]
[WhiteTeamCountry "ESP"]
[BlackTeamCountry "ESP"]

1. d4 Nf6 2. c3 g6 3. Bg5 Bg7 4. Nd2 O-O 5. e4 d6 6. f4 d5 7. e5 Ng4 8. Qe2 f6
9. Bh4 fxe5 10. h3 Rxf4 11. Bg3 Nh6 12. dxe5 Rf8 13. Ngf3 b6 14. O-O-O Ba6 15.
Qe1 Qe8 16. Bxa6 Nxa6 17. Qe2 Nc5 18. Kb1 e6 19. Rhe1 Qa4 20. Bf2 Qe8 21. g4 a5
22. Bxc5 bxc5 23. Qe3 c4 24. Qc5 Qc8 25. Nd4 Re8 26. N2f3 Bf8 27. Qc6 Ra6 28.
Qa4 c5 29. Ne2 Qc6 30. Qxc6 Rxc6 31. Ng3 Be7 32. g5 Rf8 33. Rf1 Nf5 34. Nxf5
Rxf5 35. h4 Rf4 36. Rf2 Rc8 37. Rdf1 Rcf8 38. Kc2 a4 39. Kd1 Bd8 40. Ke2 Ba5
41. a3 Rb8 42. Kd1 Rbf8 43. Ke2 R8f5 44. Ke3 Bc7 45. Rh1 Bxe5 46. h5 Bg7 47.
Rh3 gxh5 48. Rxh5 e5 49. Rhh2 d4+ 50. cxd4 cxd4+ 51. Ke2 e4 0-1

[Event "Liga Madrileña 2010/2011 - D. Honor"]
[Site "Madrid ESP"]
[Date "2011.03.20"]
[Round "14.13"]
[White "Rubio Mejia, Luis"]
[Black "Pastor Alonso de Prado, Alberto"]
[Result "1-0"]
[WhiteElo "2409"]
[BlackElo "2176"]
[PlyCount "47"]
[EventDate "2010.11.21"]
[EventType "team"]
[EventRounds "14"]
[EventCountry "ESP"]
[Source "lmi"]
[SourceDate "2010.11.21"]
[WhiteTeam "Virgen de Atocha"]
[BlackTeam "Vallecas CDV"]
[WhiteTeamCountry "ESP"]
[BlackTeamCountry "ESP"]

1. d4 d5 2. c4 e6 3. Nc3 Nf6 4. cxd5 exd5 5. Bg5 c6 6. e3 Nbd7 7. Bd3 Be7 8.
Qc2 O-O 9. Nge2 Re8 10. O-O g6 11. f3 Nh5 12. Bxe7 Qxe7 13. e4 dxe4 14. fxe4
Nb6 15. Rf2 Be6 16. Raf1 Rad8 17. Qb1 Ng7 18. e5 Bf5 19. Bxf5 Nxf5 20. Ne4 Nd5
21. N2c3 Nxd4 22. Nxd5 Rxd5 23. Nf6+ Kg7 24. Nxd5 1-0